| 000 | 00471nam a2200193Ia 4500 | ||
|---|---|---|---|
| 005 | 20250129001036.0 | ||
| 008 | 240331s9999 xx 000 0 und d | ||
| 020 | _a0706999762 | ||
| 082 |
_bGAT _a954 |
||
| 100 | _aGautier, F | ||
| 245 | 0 | _aRewriting indian history | |
| 260 |
_aNew Delhi _bVikas Publishing House Pvt Ltd _c1996 |
||
| 300 | _aXiv, 177 p ., | ||
| 650 | _aIndian History | ||
| 650 | _aCulture | ||
| 650 | _aSocial | ||
| 650 | _aPolitical | ||
| 942 | _cL | ||
| 999 |
_c4425 _d4425 |
||